|
|
|
|
| LEADER |
00000nta a2200000 i 4500 |
| 001 |
dolg33889 |
| 005 |
20210617083855.0 |
| 008 |
210617s2003 hu om 000 hun d |
| 040 |
|
|
|a BGE Dolgozattár Repozitórium
|b hun
|
| 041 |
|
|
|a hu
|
| 100 |
1 |
|
|a Kiss Blanka
|
| 245 |
1 |
2 |
|a A protokoll sajátosságainak és jelentőségének vizsgálata Spanyolországon, Finnországon, Egyiptomon, Japánon és Ausztrálián keresztül bemutatva
|c Kiss Blanka
|h [elektronikus dokumentum]
|
| 260 |
|
|
|c 2003
|
| 695 |
|
|
|a Protokoll
|
| 695 |
|
|
|a Üzleti kommunikáció
|
| 700 |
1 |
|
|a Nincs adat Nincs adat
|e ths
|
| 856 |
4 |
0 |
|u http://dolgozattar.uni-bge.hu/33889/1/D_10139.pdf
|z Dokumentum-elérés
|